Statistics for Guess the Country by their Domain Name #4

Click here to take the quiz!

General Stats

  • This quiz has been taken 23 times
  • The average score is 13 of 24

Answer Stats

DomainCountry% Correct
.frFrance
96%
.nzNew Zealand
96%
.yeYemen
96%
.iqIraq
91%
.ecEcuador
87%
.irIran
87%
.kwKuwait
87%
.tuTuvalu
78%
.pePeru
74%
.niNicaragua
57%
.fmMicronesia
52%
.byBelarus
48%
.mcMonaco
48%
.mdMoldova
35%
.mnMongolia
35%
.pyParaguay
35%
.siSlovenia
30%
.krSouth Korea
30%
.biBurundi
26%
.cdDemocratic Republic of the Congo
26%
.wsSamoa
22%
.gwGuinea-Bissau
17%
.vcSaint Vincent and the Grenadines
13%
.vaUkraine
4%

Score Distribution

Percentile by Number Answered

Percent of People with Each Score

Your Score History

You have not taken this quiz